000 01883nam0a2200361 4500
001 RU\NLR\bibl\1302277
005 20250615151434.0
010 _a978-5-89353-265-4
_92000
021 _aRU
_b2008-80498
_94678
035 _a(NLR Aleph) 001287846
090 _a540230
_c540230
100 _a20081203d2009 |||y0rusy50 ca
101 1 _arus
_ceng
102 _aRU
105 _ay |||||||||
200 1 _aКлассические психоаналитические труды
_fКарл Абрахам, Эдвард Гловер, Шандор Ференци
_g[пер. с англ. Д.В. Соколова]
_gпод общ. ред. Ларисы Фусу
_gИн-т психологии и психоанализа
210 _aМосква
_cКогито-Центр
_d2009
215 _a220, [2] с.
_d22
225 1 _aБиблиотека психоанализа
320 _aБиблиогр. в конце кн.
327 1 _aСолдерж.: Формирование характера на оральной, анальной и генитальной стадиях организации либидо/Карл Абрахам. Фундаментальные психические концепции; Техника психоанализа/ Эдвард Гловер. Путаница языков взрослых и ребенка/ Шандор Ференци
606 1 _aПсихоанализ
_jХрестоматии
_9953300
_3RU\NLR\auth\66354833
686 _aЮ91(0)6-736я7-3
686 _aЮ937-953.6я7-3
700 1 _aАбрахам
_bК.
_gКарл
_4070
701 1 _aГловер
_bЭ.
_gЭдвард
_4070
701 1 _4070
_7ca
_8rus
_aФеренци
_bШ.
_f1873-1933
_gШандор
_9222218
_3RU\NLR\AUTH\770222274
801 0 _aRU
_bNLR
_c20081203
_gRCR
801 1 _aRU
_bNLR
_c20081203
942 _cBOOK
980 _aNB